[Event "HUN-chT2 Toth 1415"]
[Site "Hungary"]
[Date "2015.03.01"]
[Round "9.5"]
[White "Csikos, Mihaly"]
[Black "Nagy, Dani Karoly"]
[Result "1-0"]
[WhiteElo "2052"]
[BlackElo "1907"]
[PlyCount "59"]
[EventDate "2014.09.07"]
[EventType "team-tourn"]
[EventRounds "11"]
[EventCountry "HUN"]
[SourceTitle "EXT 2016"]
[Source "ChessBase"]
[SourceDate "2015.10.08"]
[SourceVersion "1"]
[SourceVersionDate "2015.10.08"]
[SourceQuality "1"]
[WhiteTeam "Mako II"]
[BlackTeam "Roszke"]
[WhiteTeamCountry "HUN"]
[BlackTeamCountry "HUN"]

1. e4 e6 2. d4 d5 3. Nd2 c5 4. c3 Nc6 5. Ngf3 cxd4 6. cxd4 Qb6 7. Bd3 Nb4 8. Be2 Bd7 9. 0-0 Rc8 10. exd5 Nxd5 11. Nc4 Qd8 12. Nfe5 Ngf6 13. Qb3 Bc6 14. Nxc6 bxc6 15. Bd2 Be7 16. Ba5 Qd7 17. Ne5 Qd6 18. Ba6 Rb8 19. Qc2 Nb4 20. Bxb4 Rxb4 21. Nxc6 Rb6 22. Nxe7 Kxe7 23. Be2 Qxd4 24. Rfd1 Qe5 25. Rac1 Nd5 26. Bf3 Rxb2 27. Qc5+ Qd6 28. Rxd5 exd5 29. Re1+ Kd7 30. Bg4+ 1-0

[Event "HUN-chT2 Toth 1213"]
[Site "Hungary"]
[Date "2012.10.07"]
[Round "2.7"]
[White "Nagy, Dani Karoly"]
[Black "Takacs, Lajos"]
[Result "0-1"]
[WhiteElo "1946"]
[BlackElo "2172"]
[PlyCount "108"]
[EventDate "2012.09.16"]
[EventType "team-tourn"]
[EventRounds "11"]
[EventCountry "HUN"]
[SourceTitle "EXT 2014"]
[Source "ChessBase"]
[SourceDate "2013.11.20"]
[SourceVersion "1"]
[SourceVersionDate "2013.11.20"]
[SourceQuality "1"]
[WhiteTeam "Roszke II"]
[BlackTeam "Ujszasz"]
[WhiteTeamCountry "HUN"]
[BlackTeamCountry "HUN"]

1. Nf3 g6 2. d4 Bg7 3. c4 Nf6 4. Nc3 0-0 5. e4 d6 6. Be2 Nbd7 7. 0-0 e5 8. d5 a5 9. Rb1 Nc5 10. Qc2 Bd7 11. Be3 b6 12. Nd2 Ne8 13. f4 f5 14. fxe5 Bxe5 15. Nf3 Bg7 16. Bg5 Bf6 17. Be3 Qe7 18. Bxc5 bxc5 19. Bd3 f4 20. Rbe1 Be5 21. Nxe5 Qxe5 22. Nb1 Nf6 23. Qc3 Ng4 24. Be2 Ne3 25. Qxe5 dxe5 26. Rf2 Rab8 27. Bd3 a4 28. Na3 Rb4 29. Nc2 Nxc2 30. Rxc2 g5 31. h3 h5 32. Rf1 Kg7 33. Rff2 g4 34. hxg4 hxg4 35. g3 f3 36. Rc3 Rh8 37. b3 Kg6 38. Rh2 Rhb8 39. Bc2 axb3 40. axb3 Ra8 41. Rh4 Rbb8 42. Kf2 Ra1 43. Rd3 Ra2 44. Rd2 Rxb3 45. Bxb3 Rxd2+ 46. Ke3 Re2+ 47. Kd3 Rg2 48. Ke3 Rxg3 49. Bc2 Rg1 50. Bd3 Rd1 51. Rh8 f2 52. Rf8 g3 53. Be2 Re1 54. Kd2 Kg7 0-1

[Event "HUN-chT2 Toth 1213"]
[Site "Hungary"]
[Date "2012.09.16"]
[Round "1.6"]
[White "Nagy, Robert"]
[Black "Nagy, Dani Karoly"]
[Result "0-1"]
[WhiteElo "1981"]
[BlackElo "1946"]
[PlyCount "104"]
[EventDate "2012.09.16"]
[EventType "team-tourn"]
[EventRounds "11"]
[EventCountry "HUN"]
[SourceTitle "EXT 2014"]
[Source "ChessBase"]
[SourceDate "2013.11.20"]
[SourceVersion "1"]
[SourceVersionDate "2013.11.20"]
[SourceQuality "1"]
[WhiteTeam "Mezobereny"]
[BlackTeam "Roszke II"]
[WhiteTeamCountry "HUN"]
[BlackTeamCountry "HUN"]

1. d4 d5 2. c4 e6 3. Nc3 Nf6 4. Bg5 Be7 5. e3 Nbd7 6. Nf3 b6 7. Qa4 0-0 8. b4 Bb7 9. cxd5 Nxd5 10. Bxe7 Qxe7 11. Nxd5 Bxd5 12. Bb5 Nf6 13. Rc1 a5 14. Bc6 Bxc6 15. Rxc6 axb4 16. Qc2 Nd5 17. 0-0 Nc3 18. Ne5 Rxa2 19. Qb3 Rfa8 20. g3 Ra1 21. Nd3 Nd5 22. e4 R1a3 23. Qb1 Nc3 24. Qxb4 Qxb4 25. Nxb4 Nxe4 26. Rxc7 h5 27. Rb7 Nd2 28. Rc1 Ra1 29. Rxa1 Rxa1+ 30. Kg2 Nc4 31. Rb8+ Kh7 32. d5 exd5 33. Nxd5 Rb1 34. Rb7 Rb5 35. Nc3 Rf5 36. f4 Kg6 37. Ne4 Rb5 38. Ng5 Nd6 39. Rd7 Rb2+ 40. Kf3 Rd2 41. Nxf7 Nc4 42. Rb7 Rxh2 43. Ng5 Nd2+ 44. Ke3 Nf1+ 45. Kf3 Rb2 46. Ne4 Nh2+ 47. Ke3 Ng4+ 48. Kd4 Nf6 49. Ke3 Rb1 50. Nd2 Rg1 51. Rxb6 Rxg3+ 52. Kd4 Kf5 0-1